000 00463nam a2200181Ia 4500
001 17465
003 IN-NITTTR
005 20251114233205.0
008 251113s9999||||xx |||||||||||||| ||eng||
040 _beng
040 _cIN-NITTTR
041 _aeng
082 _a420.78 K49P
100 _aKeith, George R.
245 0 _aPrimary language learning with microcomputers. /
_cKeith, George R., Glover, Malcolm
700 _a Glover, Malcolm
942 _2ddc
_cBK
999 _c20099
_d20099